000 00392cam a22001217a 4500
008 180718b1967 xxu||||| |||| 00| 0 eng d
082 _aA81x54 In2/61/2/Pt 1A/2
100 _aCensus of India 1961
245 _aAndhra Pradesh: general report
260 _aDelhi
_bThe Manager of Publications
_c1967
300 _a248+p.
440 _aCensus of India 1961. Volume II, Andhra Pradesh. Part I-A (II)
999 _c484000
_d484000